000 00480nam a2200157 i 4500
001 73571
003 ES-MaACL
005 20230906171845.0
007 t|
008 040908s1967 sp ||||1| spa d
100 1 _aGómez Lucía, César.
_958022
245 1 0 _aAyer y hoy del tráfico aéreo español
_b: experiencias y anécdotas /
_cCésar Gómez Lucía.
260 _aMadrid :
_bAfrodisio Aguado,
_c[1967]
300 _a223 p. ;
_c21 cm.
852 _aES-MaACL
_jC-34197
_bR.64479
999 _c73571
_d73571